Statistiken für Deutsche Landkreise und kreisfreie Städte nach Buchstabe - L

Klicken Sie hier um das Quiz zu spielen!

Allgemein

  • Dieses Quiz wurde 143 mal gespielt
  • Das Durchschnittsergebnis liegt bei 15 aus 20

Antwortstatistiken

BundeslandKreis% Korrekt
SachsenLeipzig
95%
SachsenLeipzig
95%
Rheinland-PfalzLudwigshafen
95%
Schleswig-HolsteinLübeck
86%
Nordrhein-WestfalenLeverkusen
85%
Baden-WürttembergLudwigsburg
85%
Rheinland-PfalzLandau
82%
BayernLandshut
82%
BayernLandshut
82%
NiedersachsenLüneburg
80%
HessenLimburg-Weilburg
79%
Mecklenburg-VorpommernLudwigslust-Parchim
75%
HessenLahn-Dill-Kreis
70%
NiedersachsenLeer
69%
BayernLindau
68%
Nordrhein-WestfalenLippe
68%
Baden-WürttembergLörrach
65%
BayernLandsberg
64%
NiedersachsenLüchow-Dannenberg
55%
BayernLichtenfels
54%

Verteilung der Resultate

Perzentil nach korrekt beantworteten Fragen

Anzahl Personen mit jedem Resultat

Ihre Resultats-Entwicklung

Sie haben dieses Quiz noch nicht gespielt